| 000 | 00555nam a2200181Ia 4500 | ||
|---|---|---|---|
| 005 | 20250508152533.0 | ||
| 008 | 008 250505s9999 xx 000 0 eng d | ||
| 037 | _aTextual | ||
| 040 |
_aFEDL _beng _cFEDL |
||
| 041 |
_aeng _2eng |
||
| 084 |
_a372, JOH _qFEDL |
||
| 100 |
_aJohnson June _9761728 |
||
| 245 | 0 | _aHome play for the perschool child: A book of creative crafts and activities | |
| 260 |
_aNew York, USA _bHarper and Brothers Publisher _c1957 |
||
| 300 | _axviii,140p. | ||
| 942 |
_cTEXL _h372, JOH |
||
| 999 |
_c1337087 _d1337087 |
||